[Event "AUT-ch Zwisch Internet"]
[Site "Playchess.com INT"]
[Date "2020.05.02"]
[Round "2"]
[White "Hebesberger, Thomas"]
[Black "Pernerstorfer, Max"]
[Result "0-1"]
[WhiteElo "2244"]
[BlackElo "2066"]
[PlyCount "110"]
[EventDate "2020.05.02"]
[EventType "swiss (blitz)"]
[EventRounds "13"]
[EventCountry "AUT"]
[SourceTitle "CBM 195 Extra"]
[Source "ChessBase"]
[SourceDate "2020.05.31"]
[SourceVersion "1"]
[SourceVersionDate "2020.05.31"]
[SourceQuality "1"]

1. d4 Nf6 2. Nf3 g6 3. Bg5 Bg7 4. Nbd2 d5 5. e3 0-0 6. Be2 c5 7. c3 b6 8. Ne5 Qc7 9. 0-0 Ba6 10. Bf4 Bxe2 11. Qxe2 Qc8 12. a4 Nbd7 13. a5 Nh5 14. Ndf3 Nxf4 15. exf4 Nxe5 16. fxe5 e6 17. Qb5 Qc7 18. axb6 axb6 19. h3 h5 20. Ra6 Rxa6 21. Qxa6 cxd4 22. cxd4 Qc6 23. Ra1 Rc8 24. Ra3 Rc7 25. Rc3 Qb7 26. Qb5 Bf8 27. Ng5 Rxc3 28. bxc3 Qc7 29. h4 Qxc3 30. Qxb6 Qe1+ 31. Kh2 Qxf2 32. Kh3 Qe3+ 33. g3 Qf2 34. Qc7 Qf5+ 35. Kg2 Bh6 36. Qd8+ Kg7 37. Nf3 Be3 38. Qe7 Bc1 39. Qa7 Qc2+ 40. Kh3 Qe4 41. Kg2 Qe2+ 42. Kh3 Qxf3 43. Qe7 Be3 44. Kh2 Bxd4 45. Qg5 Qe2+ 46. Kh3 Bxe5 47. g4 Qxg4+ 48. Qxg4 hxg4+ 49. Kxg4 Bf6 50. h5 gxh5+ 51. Kh3 Kg6 52. Kg2 Kf5 53. Kh3 Kf4 54. Kg2 d4 55. Kh3 d3 0-1

[Event "AUT-ch Zwisch Internet"]
[Site "Playchess.com INT"]
[Date "2020.05.02"]
[Round "3"]
[White "Hebesberger, Thomas"]
[Black "Ragger, Anna Christina"]
[Result "0-1"]
[WhiteElo "2244"]
[BlackElo "2204"]
[PlyCount "62"]
[EventDate "2020.05.02"]
[EventType "swiss (blitz)"]
[EventRounds "13"]
[EventCountry "AUT"]
[SourceTitle "CBM 195 Extra"]
[Source "ChessBase"]
[SourceDate "2020.05.31"]
[SourceVersion "1"]
[SourceVersionDate "2020.05.31"]
[SourceQuality "1"]

1. d4 d5 2. Nf3 Nf6 3. e3 Bf5 4. c4 c6 5. Nc3 a6 6. cxd5 cxd5 7. Qb3 b5 8. Ne5 e6 9. Nxb5 axb5 10. Bxb5+ Nfd7 11. Bd2 Bd6 12. Bb4 Qe7 13. Bxd6 Qxd6 14. Rc1 0-0 15. Nxd7 Nxd7 16. Rc6 Qb8 17. 0-0 Nb6 18. a4 Rc8 19. Rfc1 Rxc6 20. Rxc6 h6 21. Qc3 Nxa4 22. Bxa4 Rxa4 23. Rc8+ Kh7 24. g4 Ra1+ 25. Kg2 Be4+ 26. f3 Qb5 27. fxe4 Qf1+ 28. Kg3 Qg1+ 29. Kh3 Rf1 30. Qc2 Rf3+ 31. Kh4 g5+ 0-1

[Event "AUT-chT2M 1920"]
[Site "Austria"]
[Date "2019.10.12"]
[Round "2.4"]
[White "Hebesberger, Thomas"]
[Black "Schloffer, Jasmin Denise"]
[Result "1/2-1/2"]
[WhiteElo "2241"]
[BlackElo "2084"]
[PlyCount "105"]
[EventDate "2019.10.11"]
[EventType "team-tourn"]
[EventRounds "11"]
[EventCountry "AUT"]
[SourceTitle "CBM 192 Extra"]
[Source "Chessbase"]
[SourceDate "2019.11.06"]
[SourceVersion "1"]
[SourceVersionDate "2019.11.06"]
[SourceQuality "1"]
[WhiteTeam "St Veit Aspernig II"]
[BlackTeam "Nettingsdorf/Traun"]
[WhiteTeamCountry "AUT"]
[BlackTeamCountry "AUT"]

1. c4 c5 2. g3 g6 3. Bg2 Bg7 4. Nc3 Nc6 5. b3 d6 6. Bb2 e5 7. e3 Nge7 8. Nge2 0-0 9. 0-0 f5 10. d3 Rb8 11. Qd2 Be6 12. Nd5 Bf7 13. Nec3 Nxd5 14. Nxd5 Ne7 15. Nxe7+ Qxe7 16. Rad1 Rbd8 17. Qc2 b6 18. Rfe1 Qc7 19. Bc3 d5 20. cxd5 Bxd5 21. Bxd5+ Rxd5 22. e4 Rdd8 23. exf5 Rxf5 24. Re4 Rdf8 25. Rd2 Qd7 26. Qd1 Rd8 27. Qe2 Qd5 28. Qe3 h5 29. Qe2 Bh6 30. Rd1 Bg7 31. Ra4 Rf7 32. Qe4 Qxe4 33. Rxe4 Rd5 34. Kf1 Rfd7 35. Ke2 Kf7 36. a4 a5 37. g4 hxg4 38. Rxg4 e4 39. Bxg7 exd3+ 40. Kd2 Kxg7 41. Re1 Rf5 42. f4 Rd4 43. Re3 Rfxf4 44. Rxf4 Rxf4 45. Kxd3 Rb4 46. Kc3 Kf6 47. Rf3+ Kg5 48. Rd3 Kf4 49. h4 Ke5 50. Rg3 Kf6 51. Rd3 Ke5 52. Rg3 Kf6 53. Rd3 1/2-1/2

[Event "AUT-chT 1617"]
[Site "Austria"]
[Date "2017.04.21"]
[Round "10.5"]
[White "Hebesberger, Thomas"]
[Black "Baldauf, Marco"]
[Result "0-1"]
[WhiteElo "2299"]
[BlackElo "2431"]
[PlyCount "90"]
[EventDate "2016.10.20"]
[EventType "team-tourn"]
[EventRounds "11"]
[EventCountry "AUT"]
[SourceTitle "CBM 177 Extra"]
[Source "ChessBase"]
[SourceDate "2017.04.27"]
[SourceVersion "1"]
[SourceVersionDate "2017.04.27"]
[SourceQuality "1"]
[WhiteTeam "St Veit"]
[BlackTeam "Hohenems"]
[WhiteTeamCountry "AUT"]
[BlackTeamCountry "AUT"]

1. c4 Nf6 2. Nc3 e6 3. Nf3 d5 4. e3 Be7 5. b3 0-0 6. Bb2 b6 7. cxd5 exd5 8. Be2 Bb7 9. 0-0 Nbd7 10. Rc1 a6 11. Nd4 Re8 12. f4 c5 13. Nf5 Bf8 14. Bd3 g6 15. Ng3 d4 16. exd4 cxd4 17. Nce2 Nc5 18. Bb1 Qd5 19. Rf3 Qd6 20. Nxd4 Bxf3 21. Qxf3 Qd5 22. f5 Qxf3 23. Nxf3 Bg7 24. fxg6 hxg6 25. d4 Ncd7 26. Rc7 Rac8 27. Ra7 Bh6 28. Ne5 Bc1 29. Nxd7 Nxd7 30. Rxd7 Bxb2 31. Bd3 Red8 32. Rxd8+ Rxd8 33. Bxa6 Bxd4+ 34. Kf1 Ra8 35. Bc4 Rxa2 36. Ne4 Kg7 37. h4 f5 38. Ng5 Be3 39. g3 Kf6 40. Nh3 Rh2 41. Bd5 f4 42. Nxf4 Bxf4 43. gxf4 Rxh4 44. Kg2 Rxf4 45. Kg3 g5 0-1

[Event "AUT-chT 1516"]
[Site "Austria"]
[Date "2016.02.26"]
[Round "6.6"]
[White "De Francesco, Klaus"]
[Black "Hebesberger, Thomas"]
[Result "1/2-1/2"]
[WhiteElo "2287"]
[BlackElo "2338"]
[PlyCount "63"]
[EventDate "2015.11.05"]
[EventType "team-tourn"]
[EventRounds "11"]
[EventCountry "AUT"]
[SourceTitle "EXT 2017"]
[Source "ChessBase"]
[SourceDate "2016.10.25"]
[SourceVersion "1"]
[SourceVersionDate "2016.10.25"]
[SourceQuality "1"]
[WhiteTeam "Absam"]
[BlackTeam "St Veit"]
[WhiteTeamCountry "AUT"]
[BlackTeamCountry "AUT"]

1. d4 Nf6 2. c4 e6 3. Nc3 Bb4 4. f3 c5 5. d5 b5 6. e4 bxc4 7. Bxc4 exd5 8. Bxd5 Nxd5 9. Qxd5 Nc6 10. Nge2 Ba6 11. Kf2 0-0 12. Rd1 Qb6 13. Be3 Bxc3 14. bxc3 Qb2 15. Qd2 Qa3 16. Rab1 Ne5 17. Bf4 Nd3+ 18. Kg1 d5 19. exd5 Rfe8 20. Ng3 Rad8 21. c4 Bxc4 22. d6 Ba6 23. Nf5 c4 24. Ne7+ Kh8 25. Bg3 c3 26. Qc2 Qc5+ 27. Kh1 Nb4 28. Rxb4 Qxb4 29. Nc6 Qc4 30. Nxd8 Rxd8 31. Be5 f6 32. Bg3 1/2-1/2

[Event "AUT-chT 1415"]
[Site "Austria"]
[Date "2015.02.27"]
[Round "6.5"]
[White "Kreisl, Robert"]
[Black "Hebesberger, Thomas"]
[Result "1-0"]
[WhiteElo "2428"]
[BlackElo "2351"]
[PlyCount "73"]
[EventDate "2014.11.20"]
[EventType "team-tourn"]
[EventRounds "11"]
[EventCountry "AUT"]
[SourceTitle "EXT 2016"]
[Source "ChessBase"]
[SourceDate "2015.10.08"]
[SourceVersion "1"]
[SourceVersionDate "2015.10.08"]
[SourceQuality "1"]
[WhiteTeam "Maria Saal"]
[BlackTeam "St Veit"]
[WhiteTeamCountry "AUT"]
[BlackTeamCountry "AUT"]

1. d4 d6 2. Nf3 g6 3. c4 Bg7 4. Nc3 Nc6 5. d5 Nb8 6. e4 Bg4 7. h3 Bxf3 8. Qxf3 Nf6 9. Be2 0-0 10. g4 c6 11. h4 Nbd7 12. h5 Qa5 13. Bd2 Qb6 14. Rb1 Rfc8 15. hxg6 fxg6 16. Qh3 Nf8 17. g5 Nh5 18. Bxh5 gxh5 19. Qxh5 Qd8 20. dxc6 bxc6 21. Rh3 e5 22. Ne2 d5 23. Ng3 Qe8 24. Qxe8 Rxe8 25. cxd5 cxd5 26. exd5 Rad8 27. Ne4 Rxd5 28. Ra3 Re7 29. Rc1 Rb7 30. b4 Ne6 31. Ra6 Nf8 32. Rc8 Rf7 33. Be3 Rb5 34. Nd6 Rxb4 35. Nxf7 Kxf7 36. Rxa7+ Kg6 37. Rc6+ 1-0

[Event "AUT-chT 1415"]
[Site "Austria"]
[Date "2015.02.26"]
[Round "5.2"]
[White "Hebesberger, Thomas"]
[Black "Lehner, Oliver"]
[Result "1/2-1/2"]
[WhiteElo "2351"]
[BlackElo "2441"]
[PlyCount "61"]
[EventDate "2014.11.20"]
[EventType "team-tourn"]
[EventRounds "11"]
[EventCountry "AUT"]
[SourceTitle "EXT 2016"]
[Source "ChessBase"]
[SourceDate "2015.10.08"]
[SourceVersion "1"]
[SourceVersionDate "2015.10.08"]
[SourceQuality "1"]
[WhiteTeam "St Veit"]
[BlackTeam "Jenbach"]
[WhiteTeamCountry "AUT"]
[BlackTeamCountry "AUT"]

1. d4 Nf6 2. Nf3 g6 3. Bg5 Bg7 4. Nbd2 0-0 5. c3 d6 6. e4 h6 7. Bh4 c5 8. dxc5 dxc5 9. Bc4 Nc6 10. 0-0 Bg4 11. Qc2 g5 12. Bg3 Nh5 13. Rfe1 Nxg3 14. hxg3 Qc7 15. Nf1 e6 16. Be2 Bxf3 17. gxf3 Rab8 18. a4 a6 19. Ne3 b5 20. axb5 axb5 21. Ra6 Rfc8 22. Rea1 Rb6 23. Rxb6 Qxb6 24. Qb3 Rb8 25. Kg2 c4 26. Qc2 Ne5 27. Rd1 Qc7 28. b3 cxb3 29. Qxb3 Qc5 30. Rb1 Nc6 31. Bxb5 1/2-1/2

[Event "AUT-chT 1213"]
[Site "Austria"]
[Date "2012.11.04"]
[Round "3.6"]
[White "Schwarhofer, Christopher"]
[Black "Hebesberger, Thomas"]
[Result "0-1"]
[WhiteElo "2285"]
[BlackElo "2331"]
[PlyCount "92"]
[EventDate "2012.11.02"]
[EventType "team-tourn"]
[EventRounds "11"]
[EventCountry "AUT"]
[SourceTitle "EXT 2013"]
[Source "ChessBase"]
[SourceDate "2012.11.22"]
[SourceVersion "1"]
[SourceVersionDate "2012.11.22"]
[SourceQuality "1"]
[WhiteTeam "Fuerstenfeld"]
[BlackTeam "St Veit"]
[WhiteTeamCountry "AUT"]
[BlackTeamCountry "AUT"]

1. e4 d6 2. d4 g6 3. f4 d5 4. e5 h5 5. Bd3 Nh6 6. Nf3 Bf5 7. Be3 e6 8. Nc3 Nd7 9. Ne2 c6 10. Ng3 Bxd3 11. Qxd3 h4 12. Ne2 Nf5 13. 0-0-0 Qa5 14. Kb1 c5 15. Bd2 Qc7 16. g4 hxg3 17. hxg3 Rxh1 18. Rxh1 Nxd4 19. Nexd4 cxd4 20. Rh7 Nc5 21. Qb5+ Qd7 22. Qxd7+ Nxd7 23. Ng5 Nc5 24. Bb4 Rc8 25. Nxf7 d3 26. c3 Rc7 27. Bxc5 Bxc5 28. Rh8+ Ke7 29. Ng5 Kd7 30. Kc1 Be3+ 31. Kd1 Rc6 32. Rh7+ Kc8 33. Nf7 Rb6 34. Nd6+ Kb8 35. b3 a5 36. Rg7 a4 37. b4 d4 38. b5 Rxd6 39. Rg8+ Ka7 40. exd6 dxc3 41. Rc8 c2+ 42. Rxc2 dxc2+ 43. Kxc2 Kb6 44. Kd3 Bc5 45. d7 Kc7 46. b6+ Kxd7 0-1

[Event "AUT-chT 1112"]
[Site "Austria"]
[Date "2012.03.02"]
[Round "5.6"]
[White "Schachinger, Mario"]
[Black "Hebesberger, Thomas"]
[Result "1/2-1/2"]
[WhiteElo "2391"]
[BlackElo "2329"]
[PlyCount "112"]
[EventDate "2012.01.20"]
[EventType "team-tourn"]
[EventRounds "11"]
[EventCountry "AUT"]
[SourceTitle "EXT 2013"]
[Source "ChessBase"]
[SourceDate "2012.11.22"]
[SourceVersion "1"]
[SourceVersionDate "2012.11.22"]
[SourceQuality "1"]
[WhiteTeam "Maria Saal"]
[BlackTeam "St Veit/Glan"]
[WhiteTeamCountry "AUT"]
[BlackTeamCountry "AUT"]

1. d4 c5 2. c3 Nf6 3. Nf3 e6 4. Bf4 b6 5. e3 Be7 6. h3 0-0 7. Nbd2 d5 8. Bd3 Ba6 9. Bxa6 Nxa6 10. 0-0 Qd7 11. a4 Qb7 12. Qb3 Rfc8 13. Rfe1 h6 14. Bh2 Nb8 15. Ne5 Nc6 16. dxc5 Nxe5 17. Bxe5 Nd7 18. Bd6 Nxc5 19. Bxc5 Rxc5 20. Nf3 a6 21. Nd4 Rac8 22. Qd1 Bf6 23. Qd3 Rc4 24. Nb3 Qc6 25. Qc2 Rxa4 26. Nd4 Rxa1 27. Rxa1 Bxd4 28. exd4 Qc4 29. Qa4 Qxa4 30. Rxa4 a5 31. Kf1 Kf8 32. Ke2 Ke7 33. Kd3 Kd6 34. Ra1 Kc6 35. b3 Ra8 36. f4 b5 37. b4 a4 38. Ra3 g5 39. Ke3 Kd6 40. Kf3 Rg8 41. Ra2 gxf4 42. Kxf4 h5 43. g3 f6 44. Rg2 e5+ 45. Kf5 e4 46. Kxf6 Re8 47. g4 hxg4 48. hxg4 e3 49. Re2 a3 50. g5 Rf8+ 51. Kg7 Ra8 52. Rxe3 a2 53. Rf3 Ra7+ 54. Kg8 Ra8+ 55. Kg7 Ra7+ 56. Kg8 Ra8+ 1/2-1/2

[Event "AUT-chT 1011"]
[Site "Austria"]
[Date "2011.03.03"]
[Round "8.5"]
[White "Hebesberger, Thomas"]
[Black "Halvax, Georg"]
[Result "0-1"]
[WhiteElo "2336"]
[BlackElo "2272"]
[PlyCount "79"]
[EventDate "2010.11.19"]
[EventType "team-tourn"]
[EventRounds "11"]
[EventCountry "AUT"]
[SourceTitle "EXT 2012"]
[Source "ChessBase"]
[SourceDate "2011.11.24"]
[SourceVersion "1"]
[SourceVersionDate "2011.11.24"]
[SourceQuality "1"]
[WhiteTeam "St Veit"]
[BlackTeam "Maria Saal"]
[WhiteTeamCountry "AUT"]
[BlackTeamCountry "AUT"]

1. c4 e6 2. Nf3 Nf6 3. g3 d5 4. Bg2 Be7 5. b3 c5 6. 0-0 0-0 7. Bb2 b6 8. e3 Bb7 9. d3 Nc6 10. Qe2 dxc4 11. bxc4 Qc7 12. Nc3 a6 13. Rab1 Rab8 14. Ng5 Rfd8 15. Rbd1 h6 16. Nge4 Na5 17. f4 Bc6 18. f5 e5 19. Nd5 Bxd5 20. Nxf6+ Bxf6 21. Bxd5 Nc6 22. Bc3 b5 23. Bxc6 Qxc6 24. Qg2 Qd6 25. Qe4 b4 26. Bb2 a5 27. g4 Re8 28. Rf2 a4 29. a3 bxa3 30. Bxa3 Rb3 31. Ra2 Rd8 32. Kf2 Qb6 33. Rdd2 Qa5 34. Ke2 Bh4 35. Bb2 Rbxd3 36. Qxd3 Rxd3 37. Kxd3 Qb4 38. Bxe5 Qb3+ 39. Ke4 Qxc4+ 40. Kf3 0-1

[Event "AUT-chT2M 0910"]
[Site "Austria"]
[Date "2009.11.22"]
[Round "4.6"]
[White "Hebesberger, Thomas"]
[Black "Frosch, Ronald"]
[Result "1-0"]
[WhiteElo "2330"]
[BlackElo "2237"]
[PlyCount "93"]
[EventDate "2009.10.10"]
[EventType "team-tourn"]
[EventRounds "11"]
[EventCountry "AUT"]
[SourceTitle "EXT 2011"]
[Source "ChessBase"]
[SourceDate "2010.11.26"]
[SourceVersion "1"]
[SourceVersionDate "2010.11.26"]
[SourceQuality "1"]
[WhiteTeam "St Veit/Glan"]
[BlackTeam "Gleisdorf"]
[WhiteTeamCountry "AUT"]
[BlackTeamCountry "AUT"]

1. c4 Nf6 2. Nc3 e5 3. g3 Be7 4. Bg2 0-0 5. Nf3 d6 6. d4 exd4 7. Nxd4 c6 8. h3 Qc7 9. 0-0 Nbd7 10. Nf5 Ne5 11. Nxe7+ Qxe7 12. b3 Rd8 13. Ba3 Ne8 14. Qd4 f5 15. Rad1 Nf7 16. Rfe1 Qg5 17. Kh2 Qh5 18. Bc1 Nc7 19. f4 Ne6 20. Qf2 Nh6 21. Qf3 Qxf3 22. Bxf3 Nf7 23. g4 fxg4 24. hxg4 Nc5 25. Kg3 Bd7 26. Ba3 Be8 27. Rd2 Rab8 28. Red1 b5 29. cxb5 cxb5 30. Bb4 Rdc8 31. Ne4 Nxe4+ 32. Bxe4 Bc6 33. Bf5 Re8 34. Bxd6 Re3+ 35. Kf2 Rbe8 36. Bc5 Rh3 37. e3 Nh6 38. Rd8 Nxf5 39. Rxe8+ Bxe8 40. gxf5 Rh2+ 41. Kg3 Rxa2 42. Rd8 Kf7 43. e4 g6 44. e5 Bc6 45. Rc8 Bd7 46. Rc7 Ke8 47. e6 1-0

[Event "AUT-chT 0809"]
[Site "Austria"]
[Date "2009.03.20"]
[Round "9.6"]
[White "Hebesberger, Thomas"]
[Black "Gerhold, Michael"]
[Result "1/2-1/2"]
[WhiteElo "2354"]
[BlackElo "2229"]
[PlyCount "96"]
[EventDate "2008.11.07"]
[EventType "team-tourn"]
[EventRounds "11"]
[EventCountry "AUT"]
[SourceTitle "EXT 2010"]
[Source "ChessBase"]
[SourceDate "2010.11.25"]
[SourceVersion "1"]
[SourceVersionDate "2010.11.25"]
[SourceQuality "1"]
[WhiteTeam "Raika St Veit/Glan"]
[BlackTeam "Absam"]
[WhiteTeamCountry "AUT"]
[BlackTeamCountry "AUT"]

1. c4 Nf6 2. Nc3 c6 3. e4 e5 4. Nf3 Bb4 5. Qb3 Na6 6. Be2 d6 7. d3 0-0 8. 0-0 Ba5 9. Bg5 Nc5 10. Qa3 Ne6 11. Bxf6 gxf6 12. b4 Bb6 13. g3 Nd4 14. Nxd4 Bxd4 15. Bf3 f5 16. Rac1 f4 17. Ne2 fxg3 18. hxg3 Bb6 19. c5 Bc7 20. cxd6 Qxd6 21. Qc3 Bb6 22. Kg2 Be6 23. Rh1 f5 24. Rcf1 Rf6 25. exf5 Bxf5 26. Be4 Raf8 27. f4 exf4 28. Rxf4 Bxe4+ 29. dxe4 Qe6 30. Qf3 Bc7 31. Rxf6 Rxf6 32. Qb3 Qxb3 33. axb3 Bd6 34. Rd1 Bxb4 35. Rd7 Rf7 36. Rd8+ Rf8 37. Rd7 Rf7 38. Rd8+ Kg7 39. Nf4 Kf6 40. e5+ Kf5 41. e6 Re7 42. Kf3 Ba5 43. g4+ Ke5 44. Rd1 Bc7 45. Rh1 Kf6 46. Rh6+ Kg5 47. Rh5+ Kf6 48. Rh6+ Kg5 1/2-1/2

[Event "Donau op 17th"]
[Site "Aschach"]
[Date "2008.12.31"]
[Round "7"]
[White "Horvath, Jozsef"]
[Black "Hebesberger, Thomas"]
[Result "1-0"]
[WhiteElo "2542"]
[BlackElo "2354"]
[PlyCount "37"]
[EventDate "2008.12.26"]
[EventType "swiss"]
[EventRounds "7"]
[EventCountry "AUT"]
[SourceTitle "CBM 127 Extra"]
[Source "ChessBase"]
[SourceDate "2009.01.08"]
[SourceVersion "2"]
[SourceVersionDate "2009.01.28"]
[SourceQuality "1"]

1. d4 d6 2. g3 g6 3. Bg2 Bg7 4. Nf3 Nf6 5. c4 0-0 6. Nc3 Nbd7 7. 0-0 e5 8. e4 exd4 9. Nxd4 Re8 10. h3 a5 11. Be3 a4 12. Qc2 Nc5 13. Rad1 c6 14. Nxc6 Qb6 15. Nd4 Bd7 16. Ndb5 Bxb5 17. Nxb5 Red8 18. b4 axb3 19. axb3 1-0